[Event "25th Abu Dhabi Master 2018"]
[Site "Abu Dhabi"]
[Date "2018.08.07"]
[Round "1"]
[White "Koustav, Chatterjee"]
[Black "Sjugirov, Sanan"]
[Result "1/2-1/2"]
[WhiteElo "2325"]
[BlackElo "2677"]
[Annotator "TA RC"]
[PlyCount "86"]
[EventDate "2018.08.05"]
[EventType "swiss"]
[EventCountry "UAE"]
[SourceTitle "playchess.com"]
[Source "ChessBase"]
[SourceQuality "1"]

1. Nf3 b6 2. c4 Bb7 3. Nc3 e6 4. d4 Bb4 5. e3 Nf6 6. Bd2 O-O 7. Bd3 d5 8. cxd5 exd5 9. O-O Bd6 10. Rc1 a6 11. a3 Nbd7 12. Ne2 Ne4 13. Be1 Re8 14. b4 Qe7 15. Qb3 g6 16. a4 Ndf6 17. Bb1 Rab8 18. Nf4 c6 19. Nd3 Nd7 20. Qa2 Bc7 21. a5 b5 22. Nc5 Nexc5 23. dxc5 Ne5 24. Nd4 Rbd8 25. h3 Bb8 26. Bc3 Qc7 27. Rfe1 Nc4 28. Nf3 Re6 29. Rcd1 Rde8 30. Qa1 Bc8 31. Bd4 Qe7 32. Bc3 Qc7 33. Bd4 f6 34. Bxf6 Rf8 35. Bd4 Re7 36. e4 Rxf3 37. gxf3 Qh2+ 38. Kf1 Qf4 39. Qc3 Bxh3+ 40. Ke2 Bg2 41. Ba2 Rf7 42. exd5 cxd5 43. Rd3 Kf8 1/2-1/2

[Event "25th Abu Dhabi Master 2018"]
[Site "Abu Dhabi"]
[Date "2018.08.07"]
[Round "1"]
[White "Aronyak, Ghosh"]
[Black "Short, Nigel D"]
[Result "0-1"]
[WhiteElo "2318"]
[BlackElo "2659"]
[Annotator "TA"]
[PlyCount "142"]
[EventDate "2018.08.05"]
[EventType "swiss"]
[EventCountry "UAE"]
[SourceTitle "playchess.com"]
[Source "ChessBase"]
[SourceQuality "1"]

1. d4 Nf6 2. Bf4 b6 3. Nf3 Bb7 4. e3 g6 5. c4 Bg7 6. Nc3 O-O 7. Be2 d6 8. h3 Nbd7 9. O-O Ne4 10. Nxe4 Bxe4 11. Bg3 c5 12. Qb3 Nf6 13. Rfd1 Qc7 14. Rac1 Bb7 15. d5 Ne4 16. Bh2 e5 17. Qc2 f5 18. a3 Rae8 19. b4 Bc8 20. Nd2 Ng5 21. f3 Qe7 22. Nf1 f4 23. e4 Bf6 24. Kf2 Nf7 25. Nd2 Bh4+ 26. Kf1 Ng5 27. Bd3 Nxh3 28. Nb3 Ng5 29. Ke2 Nf7 30. Kd2 Bf2 31. Bg1 Bxg1 32. Rxg1 Bd7 33. b5 a6 34. Kc3 Ra8 35. a4 a5 36. Qf2 Qf6 37. Rh1 Kg7 38. Rh2 h5 39. Rch1 Rh8 40. Be2 Rh6 41. Nc1 Rah8 42. Qe1 g5 43. Nd3 R8h7 44. Nf2 Nh8 45. Qd1 Ng6 46. Kc2 Ne7 47. Kb3 Ng8 48. Qb1 Qg6 49. Qd1 Nf6 50. Qb1 Kf8 51. Kb2 Rg7 52. Qd1 Rh8 53. Bd3 Rhg8 54. Qe2 g4 55. Rh4 Qf7 56. Qf1 gxf3 57. gxf3 Rg3 58. Be2 R8g5 59. Nd3 Qg6 60. Ne1 Rg1 61. Qf2 R5g3 62. Bf1 Rxh1 63. Rxh1 Qg5 64. Ng2 Rh3 65. Rxh3 Bxh3 66. Nxf4 Qxf4 67. Bxh3 Nxe4 68. Qc2 Ng5 69. Qg6 e4 70. Be6 exf3 71. Qh6+ Ke7 0-1

[Event "25th Abu Dhabi Master 2018"]
[Site "Abu Dhabi"]
[Date "2018.08.07"]
[Round "1"]
[White "Sammed Jaykumar, Shete"]
[Black "Kravtsiv, Martyn"]
[Result "0-1"]
[WhiteElo "2314"]
[BlackElo "2654"]
[Annotator "TA"]
[PlyCount "72"]
[EventDate "2018.08.05"]
[EventType "swiss"]
[EventCountry "UAE"]
[SourceTitle "playchess.com"]
[Source "ChessBase"]
[SourceQuality "1"]

1. e4 e5 2. Nf3 Nc6 3. Bb5 a6 4. Ba4 Nf6 5. d3 b5 6. Bb3 Be7 7. a4 b4 8. Nbd2 d6 9. O-O Na5 10. Ba2 O-O 11. Nc4 c5 12. Nxa5 Qxa5 13. h3 Qc7 14. Qe2 Be6 15. Bxe6 fxe6 16. Bg5 Rf7 17. c3 Qb7 18. cxb4 Qxb4 19. Bd2 Qb3 20. Ng5 Rff8 21. Bc3 Nd5 22. exd5 Bxg5 23. dxe6 Rae8 24. Qg4 Bf4 25. g3 Rxe6 26. Kh2 Rg6 27. Qe2 Qb7 28. Rab1 Qc6 29. b4 cxb4 30. Bxb4 Bg5 31. Qe4 Qxa4 32. Qd5+ Kh8 33. h4 Bxh4 34. gxh4 h5 35. Rg1 Rxf2+ 36. Kh1 Qd7 0-1

[Event "25th Abu Dhabi Master 2018"]
[Site "Abu Dhabi"]
[Date "2018.08.07"]
[Round "1"]
[White "Eric, Jovana"]
[Black "Maghsoodloo, Parham"]
[Result "0-1"]
[WhiteElo "2307"]
[BlackElo "2636"]
[Annotator "TA"]
[PlyCount "50"]
[EventDate "2018.08.05"]
[EventType "swiss"]
[EventCountry "UAE"]
[SourceTitle "playchess.com"]
[Source "ChessBase"]
[SourceQuality "1"]

1. e4 Nc6 2. Nf3 d6 3. d4 Nf6 4. Nc3 g6 5. h3 Bg7 6. Be3 a6 7. Qd2 b5 8. a3 Bb7 9. Bd3 O-O 10. O-O e6 11. Bh6 Ne7 12. e5 Nd7 13. Bxg7 Kxg7 14. exd6 cxd6 15. Qf4 Qc7 16. Ne4 e5 17. dxe5 dxe5 18. Qh4 Rae8 19. Rad1 Nd5 20. Ng3 f5 21. c4 Nf4 22. Bb1 bxc4 23. Rfe1 Bxf3 24. gxf3 Nc5 25. Rc1 Nce6 0-1

[Event "25th Abu Dhabi Master 2018"]
[Site "Abu Dhabi"]
[Date "2018.08.07"]
[Round "1"]
[White "Gomes, Mary Ann"]
[Black "Adly, Ahmed"]
[Result "0-1"]
[WhiteElo "2303"]
[BlackElo "2634"]
[Annotator "TA"]
[PlyCount "166"]
[EventDate "2018.08.05"]
[EventType "swiss"]
[EventCountry "UAE"]
[SourceTitle "playchess.com"]
[Source "ChessBase"]
[SourceQuality "1"]

1. Nf3 d5 2. g3 Nf6 3. Bg2 b5 4. d3 Bb7 5. Nbd2 Nbd7 6. O-O e5 7. e4 Bd6 8. exd5 Bxd5 9. c4 bxc4 10. Nxc4 O-O 11. Nxd6 cxd6 12. d4 e4 13. Nh4 Bc4 14. Re1 d5 15. b3 Bd3 16. Ba3 Re8 17. Qd2 Nf8 18. Nf5 Ne6 19. Rac1 g6 20. Nd6 Re7 21. f3 Rd7 22. fxe4 dxe4 23. d5 Nxd5 24. Bxe4 Qb6+ 25. Qf2 Ng5 26. Bg2 Qa6 27. Qc5 Rad8 28. Ne8 Qb6 29. Bxd5 Rxd5 30. Qxb6 axb6 31. Nf6+ Kg7 32. Nxd5 Rxd5 33. Re8 Bb5 34. Bf8+ Kf6 35. Re3 Kf5 36. a4 Ba6 37. Bh6 Ne6 38. Rf3+ Kg4 39. Rxf7 g5 40. Re1 Nd4 41. Re4+ Kh5 42. Bf8 Kg6 43. Ra7 Bd3 44. Re3 Bf5 45. Rg7+ Kh5 46. Kg2 Ne6 47. Rf7 Rd2+ 48. Kf1 Kg6 49. Rxf5 Kxf5 50. Bb4 Rxh2 51. Bc3 Rc2 52. Ke1 Nc7 53. Kd1 Rg2 54. Re7 Ne6 55. Rf7+ Ke4 56. Re7 Kd5 57. Be1 h5 58. b4 Nd4 59. a5 b5 60. a6 Ra2 61. a7 Ra1+ 62. Kd2 Nf3+ 63. Kc2 Nxe1+ 64. Rxe1 Rxa7 65. Rh1 Ra2+ 66. Kb3 Rg2 67. Rh3 Kd4 68. Ka3 g4 69. Rxh5 Rxg3+ 70. Kb2 Kc4 71. Kc2 Rg2+ 72. Kd1 Kxb4 73. Rg5 Ka4 74. Re5 b4 75. Kc1 Ka3 76. Ra5+ Kb3 77. Re5 Rc2+ 78. Kb1 g3 79. Re3+ Rc3 80. Re2 Rf3 81. Rb2+ Kc4 82. Rc2+ Kb5 83. Re2 Rf1+ 0-1

[Event "25th Abu Dhabi Master 2018"]
[Site "Abu Dhabi"]
[Date "2018.08.07"]
[Round "1"]
[White "Karthik, Kumar Pradeep"]
[Black "Vocaturo, Daniele"]
[Result "0-1"]
[WhiteElo "2295"]
[BlackElo "2617"]
[Annotator "TA"]
[PlyCount "86"]
[EventDate "2018.08.05"]
[EventType "swiss"]
[EventCountry "UAE"]
[SourceTitle "playchess.com"]
[Source "ChessBase"]
[SourceQuality "1"]

1. d4 Nf6 2. c4 e6 3. g3 d5 4. Nf3 Bb4+ 5. Bd2 Bd6 6. Nc3 O-O 7. Bg5 c6 8. Bg2 h6 9. Bxf6 Qxf6 10. O-O Qd8 11. e3 Nd7 12. Rc1 f5 13. Ne2 g5 14. Ne1 dxc4 15. Rxc4 e5 16. dxe5 Bxe5 17. Qb3 Kh8 18. Nd3 Bg7 19. Rd1 Qe7 20. Rcc1 Ne5 21. Nxe5 Qxe5 22. Rd2 Qe7 23. Qc2 a5 24. Rcd1 a4 25. h4 Ra5 26. hxg5 hxg5 27. Nd4 f4 28. exf4 gxf4 29. gxf4 Rxf4 30. Re2 Re5 31. Rxe5 Qxe5 32. Ne2 Rf8 33. Rd4 Bf5 34. Rh4+ Kg8 35. Qc4+ Be6 36. Qd3 Bf5 37. Qc4+ Rf7 38. Ng3 Be6 39. Qd3 Qe1+ 40. Kh2 Qxf2 41. Rxa4 Bd5 42. Ra8+ Bf8 43. Ne4 Rh7+ 0-1

[Event "25th Abu Dhabi Master 2018"]
[Site "Abu Dhabi"]
[Date "2018.08.07"]
[Round "1"]
[White "Daneshvar, Bardiya"]
[Black "Petrosian, Tigran L"]
[Result "1/2-1/2"]
[WhiteElo "2290"]
[BlackElo "2610"]
[Annotator "TA RC"]
[PlyCount "55"]
[EventDate "2018.08.05"]
[EventType "swiss"]
[EventCountry "UAE"]
[SourceTitle "playchess.com"]
[Source "ChessBase"]
[SourceQuality "1"]

1. Nf3 d5 2. c4 c6 3. cxd5 cxd5 4. d4 Nc6 5. Nc3 Nf6 6. Bf4 a6 7. e3 Bg4 8. Be2 e6 9. O-O Bd6 10. Bxd6 Qxd6 11. Nd2 Bf5 12. Rc1 O-O 13. Na4 Na5 14. Nc5 b6 15. Nxa6 Nc4 16. Nxc4 dxc4 17. Bxc4 b5 18. Bxb5 Rxa6 19. Bxa6 Qxa6 20. Qb3 h5 21. h3 Ra8 22. a3 g5 23. f3 g4 24. e4 Bg6 25. fxg4 Nxe4 26. gxh5 Bxh5 27. d5 exd5 28. Qxd5 1/2-1/2

[Event "25th Abu Dhabi Master 2018"]
[Site "Abu Dhabi"]
[Date "2018.08.07"]
[Round "1"]
[White "Sharma, Dinesh Kumar"]
[Black "Tabatabai, M Amin"]
[Result "1-0"]
[WhiteElo "2275"]
[BlackElo "2590"]
[Annotator "TA"]
[PlyCount "151"]
[EventDate "2018.08.05"]
[EventType "swiss"]
[EventCountry "UAE"]
[SourceTitle "playchess.com"]
[Source "ChessBase"]
[SourceQuality "1"]

1. e4 e5 2. Nf3 Nc6 3. d4 exd4 4. Nxd4 Nf6 5. Nxc6 bxc6 6. e5 Qe7 7. Qe2 Nd5 8. c4 Nb6 9. Nc3 Qe6 10. Qe4 Bb4 11. Bd2 a5 12. Bd3 Ba6 13. b3 g6 14. h4 O-O 15. O-O-O d5 16. exd6 Qxd6 17. h5 f5 18. Qf3 Rad8 19. Bc2 Qf6 20. hxg6 hxg6 21. Rh3 a4 22. Rdh1 Ba3+ 23. Kd1 Bb2 24. Ne2 Rf7 25. Ke1 Re7 26. Rh8+ Qxh8 27. Rxh8+ Bxh8 28. Bg5 Nd5 29. Bxe7 Nxe7 30. g4 axb3 31. axb3 Bc8 32. gxf5 gxf5 33. Qg3+ Kf7 34. Qxc7 Rd7 35. Qh2 Bg7 36. Qh5+ Kf6 37. Ng3 Rd8 38. Qf3 Bh6 39. Nh5+ Kf7 40. Nf4 Kf6 41. Bd1 Rd4 42. Ne2 Rd6 43. Ng3 Rd4 44. Kf1 c5 45. Qc3 Bd2 46. Qa1 Ke6 47. Bf3 Bb4 48. Qa8 Kf6 49. Qb8 Rd3 50. Be2 Rd4 51. Nh5+ Ke6 52. Nf4+ Kf6 53. Qb6+ Kg7 54. Nh5+ Kf7 55. Qf6+ Ke8 56. Ng7+ Kd7 57. Qe6+ Kd8 58. Qb6+ Kd7 59. Bh5 Ng8 60. Qe6+ Kc7 61. Qxg8 f4 62. Ne6+ Bxe6 63. Qxe6 Bd2 64. Bf3 Bb4 65. Bd5 Kd8 66. Kg2 Kc7 67. Kf3 Kd8 68. Kg4 Rd2 69. Qd6+ Kc8 70. f3 Rd4 71. Kf5 Rd2 72. Ke6 Re2+ 73. Be4 Rd2 74. Qc6+ Kd8 75. Qa8+ Kc7 76. Qb7+ 1-0

[Event "25th Abu Dhabi Master 2018"]
[Site "Abu Dhabi"]
[Date "2018.08.07"]
[Round "1"]
[White "Kushagra, Mohan"]
[Black "Jojua, Davit"]
[Result "0-1"]
[WhiteElo "2270"]
[BlackElo "2583"]
[Annotator "TA"]
[PlyCount "72"]
[EventDate "2018.08.05"]
[EventType "swiss"]
[EventCountry "UAE"]
[SourceTitle "playchess.com"]
[Source "ChessBase"]
[SourceQuality "1"]

1. e4 g6 2. d4 Bg7 3. Nf3 d6 4. Bc4 e6 5. Bb3 Nd7 6. O-O b6 7. Re1 Bb7 8. c3 Ngf6 9. d5 e5 10. c4 O-O 11. Nc3 h6 12. Bc2 Nh7 13. g3 Ng5 14. Nxg5 hxg5 15. Qg4 Bf6 16. Be3 Kg7 17. b4 Rh8 18. Ba4 Bc8 19. Qe2 a6 20. Bc6 Rb8 21. Na4 Be7 22. Rac1 g4 23. c5 Nf6 24. cxb6 cxb6 25. b5 a5 26. Rc4 Rh3 27. Kg2 Nh7 28. Bxb6 Rxb6 29. Nxb6 Qxb6 30. Qe3 Qd8 31. b6 Ng5 32. Rh1 Ba6 33. b7 Bxc4 34. Qa7 Rh8 35. b8=Q Qxb8 36. Qxe7 Be2 0-1

[Event "25th Abu Dhabi Master 2018"]
[Site "Abu Dhabi"]
[Date "2018.08.07"]
[Round "1"]
[White "Jubin, Jimmy"]
[Black "Narayanan S L"]
[Result "0-1"]
[WhiteElo "2267"]
[BlackElo "2574"]
[Annotator "TA"]
[PlyCount "106"]
[EventDate "2018.08.05"]
[EventType "swiss"]
[EventCountry "UAE"]
[SourceTitle "playchess.com"]
[Source "ChessBase"]
[SourceQuality "1"]

1. d4 Nf6 2. c4 g6 3. g3 c5 4. dxc5 Qa5+ 5. Nc3 Bg7 6. Bg2 O-O 7. Qa4 Qxc5 8. Be3 Qc7 9. Nh3 d6 10. Nf4 Bd7 11. Nfd5 Nxd5 12. Nxd5 Qd8 13. Qb3 Bc6 14. O-O Nd7 15. Rfd1 Re8 16. Rac1 a5 17. a4 Qb8 18. Qa3 Ra6 19. Rd2 Bf8 20. Qb3 Rc8 21. Rdd1 e6 22. Nc3 Bxg2 23. Kxg2 Rac6 24. Nb5 b6 25. Bd4 d5 26. Qf3 Rxc4 27. Rxc4 Rxc4 28. b3 Rc8 29. Ba1 Bg7 30. Bxg7 Kxg7 31. e4 Nf6 32. exd5 Nxd5 33. Kg1 Qe5 34. Qd3 h5 35. Qd2 Rd8 36. Re1 Qf6 37. Rd1 h4 38. Qd3 Rh8 39. Qd4 Qxd4 40. Rxd4 h3 41. f3 Rc8 42. Rc4 Rxc4 43. bxc4 Ne3 44. Nd6 Kf6 45. Kf2 Nd1+ 46. Ke1 Nc3 47. Kd2 Nxa4 48. Nc8 e5 49. Kc2 Ke6 50. Kb3 Kd7 51. Na7 Nc5+ 52. Kc3 Ne6 53. Kd3 Nc7 0-1

[Event "25th Abu Dhabi Master 2018"]
[Site "Abu Dhabi"]
[Date "2018.08.07"]
[Round "1"]
[White "Pranav, Anand"]
[Black "Yuffa, Daniil"]
[Result "0-1"]
[WhiteElo "2260"]
[BlackElo "2570"]
[Annotator "TA"]
[PlyCount "112"]
[EventDate "2018.08.05"]
[EventType "swiss"]
[EventCountry "UAE"]
[SourceTitle "playchess.com"]
[Source "ChessBase"]
[SourceQuality "1"]

1. e4 Nf6 2. e5 Nd5 3. d4 d6 4. Nf3 dxe5 5. Nxe5 c6 6. Bc4 Bf5 7. O-O Nd7 8. Bd3 Bxd3 9. Nxd3 e6 10. Nd2 Be7 11. c4 N5f6 12. b3 O-O 13. Bb2 Qa5 14. Re1 Rfd8 15. Qe2 Ba3 16. Bxa3 Qxa3 17. c5 b5 18. Qf3 Rac8 19. g4 Qa5 20. b4 Qa4 21. g5 Nd5 22. Ne4 Nxb4 23. Nxb4 Qxb4 24. Nd6 Rf8 25. Nxc8 Rxc8 26. Rad1 Nf8 27. Re3 Qa5 28. Ra3 Qc7 29. Qg3 Qb7 30. Qd6 Ng6 31. Rh3 Ne7 32. Qf4 Nf5 33. Qf3 g6 34. Qf4 Qe7 35. Rdd3 Rd8 36. Kf1 a5 37. a3 a4 38. Kg1 Rd5 39. Qb8+ Rd8 40. Qf4 h5 41. gxh6 Kh7 42. Rhe3 Nxe3 43. Rxe3 Rd5 44. Re5 b4 45. Rxd5 exd5 46. axb4 a3 47. Qd2 Qe4 48. Qa2 Qe1+ 49. Kg2 Qxb4 50. Qa1 Qb2 51. Qd1 Kxh6 52. Qf3 Kg7 53. Qg3 a2 54. Qe5+ Kh7 55. Qe7 Qxd4 56. Qxf7+ Qg7 0-1

[Event "25th Abu Dhabi Master 2018"]
[Site "Abu Dhabi"]
[Date "2018.08.07"]
[Round "1"]
[White "Srija, Seshadri"]
[Black "Abdusattorov, Nodirbek"]
[Result "0-1"]
[WhiteElo "2255"]
[BlackElo "2539"]
[Annotator "TA"]
[PlyCount "94"]
[EventDate "2018.08.05"]
[EventType "swiss"]
[EventCountry "UAE"]
[SourceTitle "playchess.com"]
[Source "ChessBase"]
[SourceQuality "1"]

1. e4 e5 2. Nf3 Nc6 3. Bb5 a6 4. Ba4 Nf6 5. d3 d6 6. c3 g6 7. Nbd2 Bg7 8. Nf1 O-O 9. Ng3 b5 10. Bc2 Bb7 11. O-O Re8 12. a4 b4 13. a5 Rb8 14. Re1 d5 15. Bg5 bxc3 16. bxc3 h6 17. Bxf6 Bxf6 18. exd5 Qxd5 19. Ne4 Bg7 20. Bb3 Qd8 21. Nc5 Na7 22. Nd2 Bc8 23. Nde4 Rf8 24. Rb1 Kh7 25. Qf3 Rb5 26. Qe3 Nc6 27. Bc4 Rxb1 28. Rxb1 f5 29. Nd2 Qd6 30. Ndb3 Nxa5 31. Nxa5 f4 32. Qe4 Qxc5 33. Nb3 Qd6 34. Ra1 Rd8 35. Qe2 e4 36. Qxe4 Bxc3 37. Rd1 Bf5 38. Qb7 a5 39. Nc1 Qb6 40. Qf3 Be5 41. Re1 Bd6 42. Qd5 Rf8 43. Nb3 Bb4 44. Re8 Qf6 45. Rxf8 Qxf8 46. Nxa5 Qe8 47. h3 f3 0-1

[Event "25th Abu Dhabi Master 2018"]
[Site "Abu Dhabi"]
[Date "2018.08.07"]
[Round "1"]
[White "Parnali, S Dharia"]
[Black "Puranik, Abhimanyu Sameer"]
[Result "1/2-1/2"]
[WhiteElo "2218"]
[BlackElo "2514"]
[Annotator "TA"]
[PlyCount "76"]
[EventDate "2018.08.05"]
[EventType "swiss"]
[EventCountry "UAE"]
[SourceTitle "playchess.com"]
[Source "ChessBase"]
[SourceQuality "1"]

1. d4 Nf6 2. g3 g6 3. Bg2 d5 4. Nf3 Bg7 5. O-O O-O 6. c4 dxc4 7. Ne5 Nfd7 8. Nxc4 Nb6 9. Na5 c6 10. Nb3 a5 11. e3 a4 12. Nc5 e5 13. dxe5 Bxe5 14. Nc3 Qxd1 15. Rxd1 a3 16. Rb1 Nc4 17. b3 Nb2 18. Bxb2 axb2 19. N3a4 Bg7 20. Nxb2 Rxa2 21. Nc4 Na6 22. Nxa6 Rxa6 23. Nd6 Rb6 24. Nxc8 Rxc8 25. Bf1 Rb4 26. Rd7 b5 27. Rb7 Bf8 28. Bh3 Rd8 29. Bf1 Rd6 30. Rb6 Kg7 31. Rb7 h5 32. h4 Rf6 33. Bd3 Bc5 34. Bf1 Bf8 35. Bd3 Rd6 36. Bc4 Rf6 37. Bd3 Re6 38. Kf1 Be7 1/2-1/2

[Event "25th Abu Dhabi Master 2018"]
[Site "Abu Dhabi"]
[Date "2018.08.07"]
[Round "1"]
[White "Bhambure, Shantanu"]
[Black "Swapnil, S Dhopade"]
[Result "0-1"]
[WhiteElo "2194"]
[BlackElo "2487"]
[Annotator "TA"]
[PlyCount "82"]
[EventDate "2018.08.05"]
[EventType "swiss"]
[EventCountry "UAE"]
[SourceTitle "playchess.com"]
[Source "ChessBase"]
[SourceQuality "1"]

1. d4 Nf6 2. c4 e6 3. Nf3 c5 4. d5 exd5 5. cxd5 d6 6. Nc3 g6 7. Bf4 Bg7 8. h3 O-O 9. e3 Na6 10. Nd2 Nb4 11. Nc4 Bf5 12. g4 Bc2 13. Qf3 Bd3 14. O-O-O Bxc4 15. Bxc4 Re8 16. Bb5 Nd7 17. Kb1 Ne5 18. Qe2 Rf8 19. a3 a6 20. Bxe5 Bxe5 21. Bc4 b5 22. Bb3 c4 23. axb4 cxb3 24. Qd3 a5 25. Qxb5 Bxc3 26. bxc3 Qf6 27. Qd3 axb4 28. Qd4 Qxf2 29. Rd2 Qf3 30. Rc1 bxc3 31. Rxc3 Qf1+ 32. Rc1 Qxh3 33. Qf4 Ra2 34. Rxa2 bxa2+ 35. Ka1 Re8 36. Rf1 Re7 37. Re1 Qg2 38. Qxd6 Rb7 39. Qe5 Qc2 40. Qe8+ Kg7 41. Qe5+ f6 0-1

[Event "25th Abu Dhabi Master 2018"]
[Site "Abu Dhabi"]
[Date "2018.08.07"]
[Round "1"]
[White "Divya, Deshmukh"]
[Black "Iniyan, Panneerseluam"]
[Result "0-1"]
[WhiteElo "2172"]
[BlackElo "2464"]
[Annotator "TA"]
[PlyCount "124"]
[EventDate "2018.08.05"]
[EventType "swiss"]
[EventCountry "UAE"]
[SourceTitle "playchess.com"]
[Source "ChessBase"]
[SourceQuality "1"]

1. e4 c5 2. Nf3 d6 3. d4 cxd4 4. Nxd4 a6 5. Nc3 e6 6. Be3 Nf6 7. f3 b5 8. a3 Bb7 9. Qd2 Nbd7 10. O-O-O Rc8 11. Kb1 Nb6 12. Qf2 Rxc3 13. bxc3 Na4 14. Qe1 Qc7 15. Rd3 d5 16. e5 Qxe5 17. Qg3 Qxg3 18. hxg3 Nd7 19. Bf2 Bxa3 20. g4 Bd6 21. g3 O-O 22. Be1 Rc8 23. Re3 g6 24. Rh3 Bc7 25. Rd3 Ba5 26. Nb3 Bb6 27. f4 Nf6 28. g5 Ne4 29. g4 Bf2 30. Bd2 Ba7 31. Be1 Bb8 32. Rhf3 e5 33. fxe5 Bxe5 34. Nd4 Nxg5 35. Rfe3 Ne4 36. Ne2 Nb6 37. Rd1 Na4 38. Rdd3 Nb6 39. Rd1 Nc4 40. Rh3 Na3+ 41. Kb2 b4 42. Bg2 Nb5 43. Bxe4 dxe4 44. Kb3 bxc3 45. Bxc3 Nxc3 46. Nxc3 Rc5 47. Rd8+ Kg7 48. Re3 Bf6 49. Rd7 Bc8 50. Rd6 Be6+ 51. Rxe6 fxe6 52. Nxe4 Re5 53. c4 Be7 54. Kc3 Ra5 55. Kc2 Ra4 56. Rc3 h5 57. gxh5 gxh5 58. Ng3 h4 59. Ne2 Bf6 60. Re3 Rxc4+ 61. Kd3 Rc6 62. Nf4 Rc3+ 0-1

[Event "25th Abu Dhabi Master 2018"]
[Site "Abu Dhabi"]
[Date "2018.08.07"]
[Round "1"]
[White "Srinivasa Rao, M.."]
[Black "Laxman, R R"]
[Result "0-1"]
[WhiteElo "2160"]
[BlackElo "2449"]
[Annotator "TA"]
[PlyCount "159"]
[EventDate "2018.08.05"]
[EventType "swiss"]
[EventCountry "UAE"]
[SourceTitle "playchess.com"]
[Source "ChessBase"]
[SourceQuality "1"]

1. c4 e5 2. g3 Nc6 3. Bg2 d6 4. Nc3 Be6 5. d3 Qd7 6. Nf3 Bh3 7. Bxh3 Qxh3 8. Nd5 Qd7 9. d4 Nge7 10. e4 f5 11. Be3 O-O-O 12. Nxe7+ Nxe7 13. dxe5 fxe4 14. Ng5 dxe5 15. Nf7 Qxd1+ 16. Rxd1 Rxd1+ 17. Kxd1 Rg8 18. Ng5 Nf5 19. Nxe4 Be7 20. Ke2 Rd8 21. Rd1 Nd4+ 22. Bxd4 exd4 23. Kd3 c5 24. Re1 Kd7 25. Re2 Rc8 26. f4 Rc6 27. Nf2 Ra6 28. b3 Ra3 29. Ke4 Ra6 30. Nd3 Re6+ 31. Kf3 Ra6 32. Ne5+ Kc7 33. Nd3 Kd8 34. Ne5 Rf6 35. Ng4 Rb6 36. Ne5 Rf6 37. Ng4 Rb6 38. Ne5 a5 39. Nd3 Bd6 40. Ke4 Bf8 41. Kd5 Rd6+ 42. Ke4 Re6+ 43. Kf3 Rf6 44. Re5 Bd6 45. Rg5 b6 46. Nf2 Bf8 47. Re5 Rf7 48. Rd5+ Kc8 49. Ke4 g6 50. Nd3 a4 51. bxa4 Ra7 52. Re5 Bd6 53. Re8+ Kd7 54. Rh8 Kc6 55. g4 Rxa4 56. Ne5+ Bxe5 57. fxe5 Rxc4 58. e6 Kd6 59. e7 Kxe7 60. Rxh7+ Ke6 61. g5 Rc2 62. Rg7 Re2+ 63. Kf3 Rxa2 64. Rxg6+ Kf5 65. Rxb6 Ra3+ 66. Ke2 Kxg5 67. Rc6 Rc3 68. Kd2 Kf5 69. Rc8 Ke4 70. h4 Kd5 71. Rg8 Rh3 72. Rg2 Rxh4 73. Kc2 Re4 74. Kd2 c4 75. Rg5+ Re5 76. Rg8 c3+ 77. Kd1 Kc4 78. Rg1 Ra5 79. Rg4 Kb3 80. Ke1 0-1

[Event "25th Abu Dhabi Master 2018"]
[Site "Abu Dhabi"]
[Date "2018.08.07"]
[Round "1"]
[White "Moayed, Obied"]
[Black "Mammadzada, Gunay Vuqar Qizi"]
[Result "0-1"]
[WhiteElo "2146"]
[BlackElo "2426"]
[Annotator "TA"]
[PlyCount "49"]
[EventDate "2018.08.05"]
[EventType "swiss"]
[EventCountry "UAE"]
[SourceTitle "playchess.com"]
[Source "ChessBase"]
[SourceQuality "1"]

1. d4 d5 2. c4 e6 3. Nf3 c6 4. Qc2 dxc4 5. Qxc4 Nf6 6. g3 b5 7. Qc2 Bb7 8. Bg2 Nbd7 9. O-O c5 10. Nc3 Qb6 11. dxc5 Bxc5 12. a4 b4 13. a5 Qc7 14. Bf4 Qc8 15. a6 Bxf3 16. Bxf3 bxc3 17. Qxc3 O-O 18. Bb7 Qd8 19. Rfd1 Qb6 20. Qf3 Rad8 21. Rd2 Ne5 22. Bxe5 Rxd2 23. Bxf6 gxf6 24. Qg4+ Kh8 25. Be4 0-1

[Event "25th Abu Dhabi Master 2018"]
[Site "Abu Dhabi"]
[Date "2018.08.07"]
[Round "1"]
[White "Patil, Pratik"]
[Black "Andersen, Mads"]
[Result "0-1"]
[WhiteElo "1911"]
[BlackElo "2601"]
[Annotator "TA"]
[PlyCount "80"]
[EventDate "2018.08.05"]
[EventType "swiss"]
[EventCountry "UAE"]
[SourceTitle "playchess.com"]
[Source "ChessBase"]
[SourceQuality "1"]

1. e4 c5 2. c3 Nf6 3. e5 Nd5 4. d4 cxd4 5. Nf3 d6 6. cxd4 Nc6 7. Bc4 dxe5 8. Nxe5 e6 9. O-O Bd6 10. Qg4 Nxe5 11. dxe5 Bxe5 12. Re1 Nf6 13. Qxg7 Rg8 14. Qh6 Ng4 15. Qxh7 Rh8 16. Bb5+ Kf8 17. Qc2 Bxh2+ 18. Kf1 Be5 19. Rxe5 Nxe5 20. Qc5+ Kg8 21. Nc3 Nd3 22. Bxd3 Qxd3+ 23. Kg1 Bd7 24. Be3 Qg6 25. f3 Bc6 26. Kf2 Rh5 27. Qe7 Kh7 28. Rd1 Rg8 29. Rg1 Rh2 30. Ke1 Bxf3 31. Qc7 e5 32. Qxe5 Rh5 33. Qf4 Bc6 34. g4 Rh3 35. Rg3 Rh1+ 36. Kf2 Re8 37. Rg1 Rh3 38. Rg3 Qc2+ 39. Ne2 Rh2+ 40. Kg1 Qd1+ 0-1

[Event "25th Abu Dhabi Master 2018"]
[Site "Abu Dhabi"]
[Date "2018.08.08"]
[Round "2"]
[White "Le, Quang Liem"]
[Black "Dixit, Nikhil"]
[Result "1-0"]
[WhiteElo "2727"]
[BlackElo "2240"]
[Annotator "TA"]
[PlyCount "75"]
[EventDate "2018.08.05"]
[EventType "swiss"]
[EventCountry "UAE"]
[SourceTitle "playchess.com"]
[Source "ChessBase"]
[SourceQuality "1"]

1. d4 Nf6 2. c4 g6 3. Nc3 Bg7 4. e4 d6 5. Nge2 O-O 6. Ng3 c5 7. d5 e6 8. Be2 exd5 9. cxd5 Na6 10. O-O Nc7 11. Bf4 Rb8 12. a4 b6 13. Qd2 a6 14. h3 b5 15. axb5 axb5 16. b4 c4 17. Ra5 h5 18. Bg5 Qe8 19. Rfa1 Nh7 20. Bh6 Bxh6 21. Qxh6 Qe5 22. Qd2 h4 23. f4 Qg7 24. Nh1 g5 25. Ra7 Ne8 26. Ra8 Rxa8 27. Rxa8 Bd7 28. Ra7 Bc8 29. f5 Qe5 30. Nf2 Nef6 31. Nxb5 Nxe4 32. Nxe4 Qxe4 33. Nxd6 Qb1+ 34. Kh2 Qb3 35. Nxc4 g4 36. Bd3 g3+ 37. Kg1 Bxf5 38. Ra3 1-0

[Event "25th Abu Dhabi Master 2018"]
[Site "Abu Dhabi"]
[Date "2018.08.08"]
[Round "2"]
[White "Cheparinov, Ivan"]
[Black "Kunte, Abhijit"]
[Result "1-0"]
[WhiteElo "2718"]
[BlackElo "2485"]
[Annotator "TA"]
[PlyCount "100"]
[EventDate "2018.08.05"]
[EventType "swiss"]
[EventCountry "UAE"]
[SourceTitle "playchess.com"]
[Source "ChessBase"]
[SourceQuality "1"]

1. e4 c5 2. Nf3 e6 3. d4 cxd4 4. Nxd4 a6 5. c4 Nf6 6. Nc3 Qc7 7. Be2 b6 8. O-O Bb7 9. Qd3 Nc6 10. Nxc6 Bxc6 11. Be3 Bb4 12. Rac1 Bxc3 13. Qxc3 Nxe4 14. Qd4 O-O 15. Qxb6 Qxb6 16. Bxb6 Rfb8 17. Bd4 f6 18. b3 a5 19. f3 Ng5 20. Bc5 e5 21. Bd6 Re8 22. Rfd1 Nf7 23. Bc5 Rab8 24. Kf2 Rb7 25. Rb1 Reb8 26. Rd2 f5 27. g3 Rc8 28. Be3 Rcb8 29. Rdb2 d5 30. cxd5 Bxd5 31. Rd2 Be6 32. Rc1 g5 33. Rc6 Bd7 34. Ra6 f4 35. gxf4 gxf4 36. Ba7 Re8 37. Rxa5 Be6 38. h4 Nh6 39. Rd6 Nf7 40. Rd1 Ra8 41. Rg1+ Kh8 42. Rxe5 Rbxa7 43. Rxe6 Rxa2 44. Rg4 Nd6 45. Rxf4 Nb5 46. Ke3 Nc3 47. Bc4 Rd8 48. Rf7 Rh2 49. Rh6 Nd5+ 50. Ke4 Nc3+ 1-0